Normal view
MARC view
- COMMUNICATION SYSTEMS
Entry Topical Term
001 - CONTROL NUMBER
- control field: 60502
003 - CONTROL NUMBER IDENTIFIER
- control field: NUST
005 - DATE AND TIME OF LATEST TRANSACTION
- control field: 20210628202548.0
008 - FIXED-LENGTH DATA ELEMENTS
- fixed length control field: 210628|| aca||aabn | a|a d
040 ## - CATALOGING SOURCE
- Original cataloging agency: NUST
- Transcribing agency: NUST
150 ## - HEADING--TOPICAL TERM
- Topical term or geographic name entry element: COMMUNICATION SYSTEMS
670 ## - SOURCE DATA FOUND
- Source citation: Work cat.: (NUST): Stern, Harold .P.E Mahmoud, Samy .A 60501, Communication systems analysis and design, 2004
